| 000 | 00393nam a2200181Ia 4500 | ||
|---|---|---|---|
| 001 | 10195 | ||
| 005 | 20260306161814.0 | ||
| 008 | 260306t2002||||xx |||||||||||||| ||spa|| | ||
| 041 | _aESP | ||
| 082 |
_a909 _bE56 |
||
| 100 |
_aEncel, Frédéric _eAUT |
||
| 245 | 0 | _aEl arte de la guerra | |
| 260 | _c2002 | ||
| 300 |
_a _c |
||
| 650 | _aGEN | ||
| 654 | _aCHU | ||
| 942 |
_cLIB _dJUS _fJUS _2ddc _n |
||
| 999 |
_c10195 _d10195 |
||